• 首页
  • 本馆介绍
  • 公告通知
  • 最新文献
  • 馆藏检索
  • 电子资源
  • 读者导购
  • 参考咨询
  • 我的图书馆
  • 登录
  • 详细信息显示
  • 放入我的书架
  • 预约/预借图书
  • 作者相关作品
  • 分类相关作品
  • 丛书相关作品
  • 出版社相关作品

书目信息

  • 表格格式
  • 工作单格式
  • 卡片格式
题名:
实用精神科疾病诊疗与护理实践
    
 
作者: 吕素红 等主编
分册:  
出版信息: 北京   中国纺织出版社  2018.10
页数: 161页
开本: 24cm
丛书名:
单 册:
中图分类: R749 , R473.74
科图分类:
主题词: 精神病--jing shen bing--诊疗
电子资源:
ISBN: 978-7-5180-5525-8
000 00918nam0 2200253 450
001 0105143318
005 20201105143350.0
010    @a978-7-5180-5525-8@dCNY58.00
100    @a20190226d2018 em y0chiy50 ea
101 0  @achi
102    @aCN@b110000
105    @ay z 000yy
106    @ar
200 1  @a实用精神科疾病诊疗与护理实践@Ashi yong jing shen ke ji bing zhen liao yu hu li shi jian@f吕素红等主编
210    @a北京@c中国纺织出版社@d2018.10
215    @a161页@d24cm
307    @a实际页数为:162
330    @a本书简明扼要地阐述精神障碍的病因与分类,精神障碍的症状、脑器质性精神障碍的诊疗与护理,精神活性物质所致精神障碍的诊疗与护理,精神分裂症的诊疗与护理,心境障碍的诊疗与护理,神经症的诊疗与护理等。
606 0  @a精神病@Ajing shen bing@x诊疗
690    @aR749@v5
690    @aR473.74@v5
701  0 @a吕素红@Alv su hong@4等主编
801  0 @aCN@bBJSZM@c20201105
905    @b1262490-3@dR749@e247@f4
    
    实用精神科疾病诊疗与护理实践/吕素红等主编.-北京:中国纺织出版社,2018.10
    161页;24cm
    
    
    ISBN 978-7-5180-5525-8:CNY58.00
    本书简明扼要地阐述精神障碍的病因与分类,精神障碍的症状、脑器质性精神障碍的诊疗与护理,精神活性物质所致精神障碍的诊疗与护理,精神分裂症的诊疗与护理,心境障碍的诊疗与护理,神经症的诊疗与护理等。
●
相关链接 在E读中查询图书 在五车中查询图书 在当当中查询图书 在豆瓣中查询图书


正题名:实用精神科疾病诊疗与护理实践     索取号:R749/247         预约/预借

序号 登录号 条形码 馆藏地/架位号 状态 备注
1 1262490   212624908   第二样本阅览室/ [索取号:R749/247] 在馆    
2 1262491   212624917   教育系资料室/ [索取号:R749/247] 在馆    
3 1262492   212624926   教育系资料室/ [索取号:R749/247] 在馆    
4 1262493   212624935   第三借阅区/ [索取号:R749/247] 在馆    
唐山师范学院图书馆 欢迎您!
大连网信软件有限公司© 版权所有